Central Library OPAC University of Rajshahi

Interpretive psychology : (Record no. 28832)

MARC details
000 -LEADER
fixed length control field 00654nam a22002297a 4500
001 - CONTROL NUMBER
control field 28832
003 - CONTROL NUMBER IDENTIFIER
rucl marc code BD-RjUL
005 - DATE AND TIME OF LATEST TRANSACTION
control field 20211209051333.0
008 - FIXED-LENGTH DATA ELEMENTS--GENERAL INFORMATION
fixed length control field 140401s1957 n ||||| |||| 001 0 eng d
035 ## - SYSTEM CONTROL NUMBER
System control number (BD-RjUL)28916
040 ## - CATALOGING SOURCE
Original cataloging agency BD-RjUL
Language of cataloging eng
Transcribing agency BD-RjUL
Modifying agency BD-RjUL
041 ## - LANGUAGE CODE
Language code of text/sound track or separate title eng
082 04 - DEWEY DECIMAL CLASSIFICATION NUMBER
Classification number 158
Author mark and year CHI 1957
100 1# - MAIN ENTRY--PERSONAL NAME
Personal name Chant, S N F
9 (RLIN) 88169
245 10 - TITLE STATEMENT
Title Interpretive psychology :
Remainder of title the nature of human psychology /
Statement of responsibility, etc. by S N F Chant
260 ## - PUBLICATION, DISTRIBUTION, ETC. (IMPRINT)
Place of publication, distribution, etc. New York,
Name of publisher, distributor, etc. McGraw-Hill
Date of publication, distribution, etc. 1957.
300 ## - PHYSICAL DESCRIPTION
Pagination x, 277 p. ;
Size 25 cm.
504 ## - BIBLIOGRAPHY, ETC. NOTE
Bibliography, etc Include index
650 #0 - SUBJECT ADDED ENTRY--TOPICAL TERM
Topical term or geographic name as entry element Psychology, Applied.
9 (RLIN) 5669
700 1# - ADDED ENTRY--PERSONAL NAME
Personal name Signori, Edro I.
942 ## - ADDED ENTRY ELEMENTS (KOHA)
Source of classification or shelving scheme Dewey Decimal Classification
Koha item type Books
Holdings
Lost status Source of classification or shelving scheme Damaged status Not for loan Collection code Permanent Location Current Location Shelving location Date acquired Source of acquisition Total Checkouts Full call number Date last seen Copy number Koha item type
  Dewey Decimal Classification   Added to bundle Non-fiction Central Library, University of Rajshahi Central Library, University of Rajshahi Reading Room 06/03/1974 Canada govt.   158 CHI 1957 01/04/2014 C-1 Books